Дело об увольнении из Театральной школы воспитанника Ерикова и о принятии на место его Богданова

Доступно только в Электронных читальных залах Найти на картеНа карте
RUSMARC
00003606nmc2a22000003x 450
001981fe947-d978-473f-b0c3-2dd8342baa02
00520181128204017.0
100##$a20170110l18251825k l0rusy0189 ca
1010#$arus
102##$aRU
2001#$aДело об увольнении из Театральной школы воспитанника Ерикова и о принятии на место его Богданова
$j28 февраля 1825 г.
251##$cДело
300##$aДело
801#0$aRU
$bРГИА
$c20170110
$gRCR
801#1$aRU
$bГлавНИВЦ
$c20170110
$2rusmarc
801#2$aRU
$bПБ им. Б.Н. Ельцина
$c20181128
$gRCR
$2rusmarc
850##$aРГИА
852##$aРГИА
$eФедеральное казенное учреждение "Российский государственный исторический архив" (РГИА)
$j2811
937##$hРГИА
$d12238921
$aASBIBLIO_SCAN
462#0$1001dd3991dc-24e1-42ec-8838-ca4255420416
$12001
$a1746-1850 гг.
$1251
$cОпись
$1852
$j1
461#0$10019264ebf8-de62-4f1a-9eb4-9f22098dbbd5
$12001
$aДирекция императорских театров МИДв
$1251
$cФонд
$1852
$j497
215##$a6 л.
$d36,5х26 см
371##$aДокумент не является опубликованным и широко распространяемым
105##$ay###
1220#$ad
035##$a981fe947-d978-473f-b0c3-2dd8342baa02
856##$uhttp://readingroom.main.prlib.ru/item.aspx?id_node=n121103625&mode=full
Формат отображения